| 000 | 01835cam a22003371i 4500 | ||
|---|---|---|---|
| 003 | SA-RiAUC | ||
| 005 | 20241214091529.0 | ||
| 008 | 241214s2013____su f b f00010dara c | ||
| 020 | _a9960030598 | ||
| 040 |
_aSA-MaHRM _bara _cSA-RiAUC _erda |
||
| 082 | 0 | 4 |
_a251.6 _qSA-RiAUC |
| 090 |
_a251.6 _bم ي م |
||
| 100 | 1 |
_aالميمان، ناصر بن عبد الله بن عبد العزيز، _d1385 هجري- _eمؤلف. |
|
| 245 | 1 | 2 |
_aالقواعد والضوابط الفقهية عند ابن تيمية في كتابي الطهارة والصلاة / _cناصر بن عبد الله بن عبد العزيز الميمان ؛ إشراف أحمد بن حميد. |
| 250 | _aالطبعة الأولى. | ||
| 264 | 1 |
_aمكة المكرمة : _bجامعة أم القرى، معهد البحوث العلمية وإحياء التراث الإسلامي، _c2013 |
|
| 300 |
_a512 صفحة ؛ _c24 سم. |
||
| 336 |
_aنص _btxt _2rdacontent _3كتاب |
||
| 337 |
_aبدون وسيط _bn _2rdamedia |
||
| 338 |
_aمجلد _bnc _2rdacarrier |
||
| 490 | 0 | _aسلسلة بحوث الدراسات الإسلامية | |
| 500 | _aالأصل أطروحة (ماجستير)-جامعة أم القرى، كلية الشريعة، قسم الفقه وأصوله، 1993. | ||
| 504 | _aببليوجرافية : صفحة 443-503. | ||
| 504 | _aيشتمل علي إرجاعات ببليوجرافية. | ||
| 600 | 1 | 7 |
_aابن تيمية، أحمد بن عبد الحليم بن عبد السلام، _d661-728 هجري _xآراء حول أصول الفقه الإسلامي _2aucnm |
| 650 | 7 |
_aأصول الفقه الإسلامي _2aucsh |
|
| 650 | 7 |
_aالقواعد الفقهية _2aucsh |
|
| 700 | 1 |
_aابن حميد، أحمد بن عبد الله _eمشرف. |
|
| 942 |
_2ddc _cBOOK _n0 |
||
| 949 |
_aSA-JeALM _d241214 _umohamedma123 _n1 |
||
| 999 |
_c3491 _d3491 |
||